000
002830000a22001330004500
003
MACL
040
_a
MACL
090
_c
38913
_d
38911
100
_a
Hunt, John
245
_a
Pantheism and Christianity
260
_b
Wm Isbister
_c
1884
650
_a
Philosophy
942
_c
BOOK
_k
147/HUN
999
_c
38493
_d
38493